A Century of Service/ (Record no. 213929)

MARC details
000 -LEADER
fixed length control field 00605nam a22001937a 4500
005 - DATE AND TIME OF LATEST TRANSACTION
control field 20251215153854.0
010 ## - LCCN (DPL NO)
LC control number ENG-147311
020 ## - INTERNATIONAL STANDARD BOOK NUMBER
International Standard Book Number 9788198385826
Terms of availability 290.00
035 ## - SYSTEM CONTROL NUMBER
System control number EN-130843
037 ## - SOURCE OF ACQUISITION
Source of stock number/acquisition DBAD
082 ## - DEWEY DECIMAL CLASSIFICATION NUMBER
Classification number 320.954
Edition number 1
100 ## - MAIN ENTRY--PERSONAL NAME
Personal name Damodhar
245 ## - TITLE STATEMENT
Title A Century of Service/
Statement of responsibility, etc Damodhar
260 ## - PUBLICATION, DISTRIBUTION, ETC. (IMPRINT)
Name of publisher, distributor, etc Samvit Prakashan and Media PVT. LTD
Date of publication, distribution, etc 2025
Place of publication, distribution, etc Delhi
270 ## - ADDRESS
Address 1585,1654, Madarsa road, Kashmere gate
City Delhi
Postal code 110006
300 ## - PHYSICAL DESCRIPTION
Extent 240p.;
Dimensions 21cm(pb)
500 ## - GENERAL NOTE
General note The RSS and Its Work Among Scheduled Castes And Tribes
942 ## - ADDED ENTRY ELEMENTS (KOHA)
Source of classification or shelving scheme Dewey Decimal Classification
Item type English Books
Call number suffix DAM
Classification part 320.954
Holdings
Withdrawn status Lost status Not for loan Collection code Home library Current library Date acquired Source of acquisition Cost, normal purchase price Full call number Barcode Copy number Cost, replacement price Koha item type
    Not For Loan Non-fiction Bawana Bawana 15/12/2025 Delivery of Books Act Division 290.00 DAM 320.954 EN-130843 1 290.00 English Books

© Delhi Public Library
Hit Counter
free hit counter